Music Quiz

Random Music or Clickable Quiz

♡ pick the right dia members Quiz Stats

 Plays Quiz not verified by Sporcle

Score 0/8 Timer 10:00
0 Plays Today
% Correct
chaeyeon
94.4%
huihyun
85.9%
yebin
84.5%
somyi
80.3%
jueun
76.1%
eunchae
74.6%
jenny
74.6%
eunice
71.8%

You're not logged in!

Compare scores with friends on all Sporcle quizzes.
OR
Log In

Show Comments

Extras

Top Quizzes Today


Score Distribution

Your Account Isn't Verified!

In order to create a playlist on Sporcle, you need to verify the email address you used during registration. Go to your Sporcle Settings to finish the process.

Report this User

Report this user for behavior that violates our Community Guidelines.

Details: